| 000 | 01158nam a2200241 4500 | ||
|---|---|---|---|
| 003 | CO-ViMGA | ||
| 020 | _a9789587850543 | ||
| 040 |
_aCO-ViMGA _bspa _cCO-ViMGA |
||
| 082 | 0 | 4 | _a782.42 C65 |
| 100 | 1 |
_aOrtiz, Yonny Adriano _913779 |
|
| 110 |
_aInstitución Educativa Técnico Agropecuario de Candelilla, (Tumaco, Nariño) _913780 |
||
| 245 | 1 | 0 |
_a¿Cómo canta? / _c Comunidad Educativa de Candelilla río Mira (Nariño) ; ilustraciones, Yonny Adriano Ortiz |
| 260 |
_aBogotá : _bMinisterio de Educación Nacional, _bMinisterio de Cultura, _c2017. |
||
| 300 |
_a37 p. : _bil. ; color |
||
| 490 |
_aPlan Nacional de Lectura y Escritura Leer es mi Cuento _aRío de letras. Territorios narrados ; 26 |
||
| 500 | _aColección de actualización bibliográfica para la Red de Bibliotecas Públicas del Ministerio de Cultura, Plan Nacional de Lectura y Escritura Leer es mi cuento, 2018 | ||
| 650 | 1 | 4 |
_aInstrumentos musicales _zChocó _913882 |
| 650 | 1 | 4 |
_aMúsica afrocolombiana _913881 |
| 650 | 1 | 4 |
_aMúsica para niños _xEnseñanza _913880 |
| 651 |
_aTumaco (Nariño) _xAspectos culturales _913883 |
||
| 700 | 1 |
_aOrtiz, Yonny Adriano _913779 |
|
| 942 |
_2ddc _cBK |
||
| 999 |
_c11903 _d11903 |
||